| 000 | 01166nam0a2200337 4500 | ||
|---|---|---|---|
| 001 | RU\NLR\BIBL_A\022631229 | ||
| 005 | 20251204113038.0 | ||
| 010 |
_a978-5-17-173023-9 _bС.: Русская классика _91500 |
||
| 021 |
_aRU _bКН-П-25-047146 _9КН-П-25-4578 |
||
| 035 | _a(NLR Aleph) 022631229 | ||
| 090 |
_a13497123 _c13497123 |
||
| 100 | _a20250925d2025 u y0rusy50 ca | ||
| 101 | 0 | _arus | |
| 102 | _aRU | ||
| 105 | _ay z 000ay | ||
| 181 | 0 |
_ai _bxxxe |
|
| 182 | 0 | _an | |
| 200 | 1 |
_aГолубой человек _eфантастический роман _fЛ. Лагин |
|
| 203 |
_aТекст _bвизуальный _cнепосредственный |
||
| 210 |
_aМосква _cАСТ _d2025 |
||
| 215 |
_a350, [1] с. _d21 |
||
| 225 | 1 | _aРусская классика | |
| 320 | _aДругая кн. авт. на задней сторонке пер. | ||
| 333 | _a12+ | ||
| 686 | 2 | _aШ6(2=Р)75-445 | |
| 700 | 1 |
_aЛагин _bЛ. И. _f1903-1979 _gЛазарь Иосифович _3RU\NLR\AUTH\774669 |
|
| 942 | _cBOOK | ||
| 980 | _aNB | ||